| 000 | 01869nam a22003854i 4500 | ||
|---|---|---|---|
| 999 |
_c64467 _d64467 |
||
| 001 | 2961139 | ||
| 003 | CO-MdFUSB | ||
| 005 | 20180904122057.0 | ||
| 008 | 910809s1991 ilu b 001 0 eng | ||
| 010 | _a 91031817 | ||
| 020 | _a0830817654 (alk. paper) | ||
| 040 |
_aDLC _dDLC _bspa _cCO-MdFUSB _erda |
||
| 041 | _aspa | ||
| 082 | 0 | 0 |
_a230.041 _223 _bB167 |
| 100 | 1 |
_aBaker, D. L. _eautor |
|
| 245 | 1 | 0 |
_aTwo Testaments, one Bible _b: a study of the theological relationship between the Old & New Testaments / _cDavid L. Baker |
| 250 | _aEdición revisada | ||
| 264 | 1 |
_aDowners Grove, Ill.Usa : _bInterVarsity Press, _c℗1976 |
|
| 264 | 4 | _c©1976 | |
| 300 |
_a302 páginas ; _c23 cm. |
||
| 336 |
_2rdacontent _atexto _btxt |
||
| 337 |
_2rdamedia _asin mediación _bn |
||
| 338 |
_2rdacarrier _avolumen _bnc |
||
| 504 | _aIncluye bibliografía general (página 273) Incluye indices (página 283) | ||
| 505 |
_gParte 1. _tEl problema: _a1. Fundamentos bíblicos -- 2. Los dos testamentos en la historia de la interpretación bíblica |
||
| 505 |
_gParte 2. _tCuatro soluciones modernas: _a3. El nuevo testamento como la biblia esencial -- 4. El Antiguo y el Nuevo Testamento como una igual escritura cristiana -- 5. El Antiguo Testamento como la biblia esencial -- El Antiguo y el Nuevo Testamento como única historia de salvación -- |
||
| 505 |
_gParte 3. _tTres temas claves: _a7. Tipología -- 8. Promesa y cumplimiento -- 9. Continuidad y descontinuidad |
||
| 505 |
_gParte 4. _tConclusión: _a10. La realidad teológica entre los testamentos |
||
| 630 | 0 | 7 |
_aBiblia. _pAntiguo Testamento |
| 630 | 0 | 7 |
_aBiblia. _pNuevo Testamento |
| 906 |
_a7 _bcbc _corignew _d1 _eocip _f19 _gy-gencatlg |
||
| 942 | _cBK | ||